000 00460nam a22001577a 4500
003 OSt
005 20230125131856.0
008 220916b |||||||| |||| 00| 0 eng d
040 _cBiblioteca Lado V
082 _a708
_bD536u
100 _aDi, Gonzalo
245 _aUnidos en la gloria y en la muerte/
260 _aSantiago de Chile
_bEdiciones de la cortina de humo
_c1998
300 _a67p.
_c19x20cm
942 _2ddc
_c1
_h708
_iD536u
_n0
999 _c2071
_d2071